| 000 | 01050nam a22002897a 4500 | ||
|---|---|---|---|
| 999 |
_c65848 _d65848 |
||
| 005 | 20240530110846.0 | ||
| 008 | 200912s2020 ua a f b 000 0dara d | ||
| 017 |
_a2020/22431 _bمصر. دار الكتب |
||
| 020 | _a9789777550604 | ||
| 040 |
_aEG-CaGPL _cEG-CaGPL |
||
| 082 | 0 | 4 |
_221 _a371.373\ _bع م |
| 100 | 0 | _aعبدالعزيز طلبة عبدالحميد | |
| 245 | 1 | 2 |
_aالمحفزات التعليمية التكيفية / _cعبدالعزيز طلبة عبدالحميد |
| 246 | 0 | 3 | _aGamification |
| 250 | _aط.1 | ||
| 260 |
_aالقاهرة : _bدار السحاب للنشر والتوزيع، _c2020 |
||
| 300 |
_a344 ص. ؛ _c24 سم. |
||
| 504 | _aيشتمل على ارجاعات ببليوجرافية | ||
| 650 | 0 | 7 |
_aطرق التدريس _2qrmak |
| 650 | 0 | 7 |
_aصعوبات التعلم _2qrmak |
| 650 | 0 | 7 |
_aGamification _2qrmak |
| 650 | 0 | 7 |
_aالتدريس _2qrmak |
| 651 | _2qrmak | ||
| 653 | _aالتدريس الابداعى | ||
| 942 |
_2ddc _cBK |
||